Seorang penyair,sebuah benua rusuh : biografi Usman Awang

Bibliographic Details
Main Author: Muhammad Hj Salleh
Format: Book
Published: K.L : Dewan Bahasa dan Pustaka , 2006
Subjects:

MARC

LEADER 00000cam a2200000 7i4500
001 0000047137
005 20150416.0
008 150416
020 |a 9789836287595 
090 0 0 |a 928.9923   |b MUH 
100 1 |a Muhammad Hj Salleh 
245 1 0 |a Seorang penyair,sebuah benua rusuh :   |b biografi Usman Awang   |c Muhammad Hj Salleh 
260 |a K.L :   |b Dewan Bahasa dan Pustaka ,   |c 2006 
650 0 |a Authors,Malay biography. 
999 |a 0001347727   |b Book   |c Adult Collection   |e Perbadanan Perpustakaan Awam Johor